| 000 | 00783nam a22002177a 4500 | ||
|---|---|---|---|
| 003 | OSt | ||
| 005 | 20260316051920.0 | ||
| 008 | 260316b |||||||| |||| 00| 0 eng d | ||
| 020 | _a978-0440-414803 | ||
| 040 |
_aDWCL GS lib _cOC |
||
| 082 | _aS121h 2015 | ||
| 100 | _aSACHAR, LOUIS | ||
| 245 |
_aHoles _cLOUIS SACHAR |
||
| 260 |
_aUSA _b Yearling _c2015 |
||
| 300 |
_a233 p _c20cm |
||
| 520 | _aStanley Yelnats IV, a boy wrongly convicted of theft and sent to a Texas juvenile detention camp, Camp Green Lake. | ||
| 650 | _a The core narrative focuses on themes of fate, friendship, and overcoming adversity. | ||
| 650 | _a individuals can overcome bad fate and adversity through friendship, resilience, and personal choices. | ||
| 700 | _aLOUIS SACHAR | ||
| 942 |
_2ddc _cFIC. _n0 |
||
| 999 |
_c9139 _d9139 |
||